00666 2200229 4500001002100000005001700021008004100038020001800079035002400097040001200121082001200133084001400145100001600159245011100175260003100286300002600317650002100343700001800364700002400382850001200406990001800418INLIS00000000002571520170317095431.0  a979-1305-50-1 0010-021700000000529 aYOPDYOG 223a342 a342 Whe K aWHEARE, K.C aKonstitusi - Konstitusi Modernc/ K.C.Wheare ; penerjemah, Imam Baehaqie ; penyunting, Nurainum Mangunsong aBandungbNusa Mediac[s.a] av, 226 hlm.c; 21 cm. aHukum tatanegara aImam Baehaqie aNurainun Mangunsong aYOPDYOG a53375-PD/A.17